La corrección monetaria: cuatro estudios

שמור ב:
מידע ביבליוגרפי
פורמט: ספר
שפה:ספרדית
יצא לאור: Santiago CEPAL 1976
Santiago ILPES 1976
סדרה:Cuadernos del ILPES, 24
נושאים:
תגים: הוספת תג
אין תגיות, היה/י הראשונ/ה לתייג את הרשומה!

MARC

LEADER 00000nam a2200000 a 4500
001 UCR7933
003 CL-VaPUC
008 980519e19760000cl |||||||||||||||||spa|d
082 0 4 |a 332.41  |b COR  |2 21 
245 1 3 |a La corrección monetaria: cuatro estudios 
300 |a 183 p 
942 |c BK 
945 |d 19980519 00:00:00  |a crobeson 
260 |a Santiago  |b CEPAL  |c 1976 
260 |a Santiago  |b ILPES  |c 1976 
650 0 |a Corrección monetaria  |9 371636 
650 0 |a Dinero  |9 314331 
650 0 |a Economía   |9 255568 
583 |a last modification  |c 20130816 05:20:50  |k Rodrigo Vera 
490 0 |a Cuadernos del ILPES, 24 
999 |c 269508  |d 269506 
952 |0 0  |1 0  |4 0  |6 332_410000000000000_COR_1976_1976  |7 0  |8 A  |9 303262  |a BIBGIM  |b BIBGIM  |d 2019-11-20  |i 199994K  |o 332.41 COR 1976 1976  |p 199994K  |r 2025-01-15  |w 2019-11-20  |y BK  |k COM